000 00641nam a22002417a 4500
003 UA-OsUOA
001 20649
007 ta
008 20031102b un ||||| |||| 00| 0 ukr d
100 _aВізе В.Ю.
090 _a929.2
_bВ42
942 _cBK
040 _aUA-OsUOA
_bukr
_cUA-OsUOA
_dUA-OsUOA
245 _aДослідження радянської Арктики
300 _a238 с.
_bІлюстрації
955 _a0
041 _aukr
080 _a929.2
260 _aКиїв
_bВидавницьво ЦК ЛКСМУ Молодий більшовик
_c1939
044 _aUA
650 7 _2UDC
999 _c306829
_d306829